| 000 | 00390 a2200157 4500 | ||
|---|---|---|---|
| 001 | 53439 | ||
| 020 | _a | ||
| 040 | _cAnchieta - Pituba | ||
| 100 | _aSilva, Ana Paula Rocha Rodrigues da | ||
| 240 | 1 | 0 |
_a1ª Língua portuguesa, II unidade _lpor |
| 245 | 1 | 0 | _a1ª Língua portuguesa, II unidade |
| 300 | _a7 | ||
| 362 | 0 | _a2016 | |
| 650 | 4 | _aLínguas espanhola e portuguesa | |
| 942 | _cBK | ||
| 999 |
_c53439 _d53439 |
||